Loading...
| Current Events | 1 | 10.00 | 0% | 600% | 0% |
| Fine Arts - Auditory | 5 | 14.00 | 1,220% | 420% | 100% |
| Fine Arts - Other | 3 | 13.33 | 1,200% | 0% | 600% |
| Fine Arts - Visual | 6 | 16.67 | 1,200% | 300% | 483% |
| History - American | 7 | 20.00 | 2,186% | 457% | 257% |
| History - European | 4 | 17.50 | 1,800% | 450% | 300% |
| History - Other | 3 | 13.33 | 1,200% | 400% | 200% |
| History - World | 5 | 14.00 | 1,620% | 240% | 240% |
| Literature - American | 4 | 15.00 | 1,525% | 200% | 300% |
| Literature - British | 6 | 15.00 | 1,800% | 183% | 383% |
| Literature - European | 4 | 20.00 | 3,325% | 450% | 150% |
| Literature - World | 7 | 17.14 | 871% | 371% | 414% |
| Mythology | 4 | 20.00 | 2,700% | 450% | 300% |
| Other Academic | 1 | 20.00 | 900% | 0% | 300% |
| Philosophy | 3 | 13.33 | 833% | 200% | 300% |
| Pop Culture | 1 | 10.00 | 0% | 600% | 0% |
| Religion | 4 | 12.50 | 1,800% | 0% | 425% |
| Science - Biology | 4 | 15.00 | 0% | 300% | 575% |
| Science - Chemistry | 4 | 22.50 | 3,325% | 425% | 300% |
| Science - Other | 5 | 16.00 | 2,660% | 180% | 220% |
| Science - Physics | 5 | 22.00 | 2,120% | 300% | 400% |
| Social Science | 2 | 15.00 | 1,800% | 600% | 0% |